000
00297nam a2200133Ia 4500
008
240624s9999 xx 000 0 und d
041
_a
eng
082
_a
657.45 JHA
100
_a
JHA ARUNA
245
_a
AUDITING
250
_a
(3rd Ed. ed.)
260
_c
2016
_a
New Delhi
_b
Taxmann
365
_c
RS
999
_c
31417
_d
31417